Vývojové centrum môže byť odnož biznisu
Cesta k vlastnému vývojovému centru prináša firmám nielen vysoko konkurenčné výrobky, ale aj rozšírenie ponuky o moderné technologické služby. Hlavné zmeny v podpore inovácií a využitia technológie.
Guardado en:
| Autor principal: | |
|---|---|
| Otros Autores: | |
| Formato: | Capítulo de libro |
| Lenguaje: | eslovaco |
| Materias: | |
| Etiquetas: |
Sin Etiquetas, Sea el primero en etiquetar este registro!
|
MARC
| LEADER | 00000naa a2200000 4500 | ||
|---|---|---|---|
| 001 | 0243093 | ||
| 005 | 20180523093623.2 | ||
| 041 | 0 | |a slo | |
| 044 | |a SK | ||
| 245 | 1 | 0 | |a Vývojové centrum môže byť odnož biznisu |c Veronika Miháliková, Martin Jesný |
| 520 | |a Cesta k vlastnému vývojovému centru prináša firmám nielen vysoko konkurenčné výrobky, ale aj rozšírenie ponuky o moderné technologické služby. Hlavné zmeny v podpore inovácií a využitia technológie. | ||
| 610 | 2 | 0 | |a centrá inovačné |
| 610 | 2 | 0 | |a vývoj vedeckotechnický |
| 610 | 2 | 0 | |a stratégia inovačná |
| 610 | 2 | 0 | |a firmy |
| 610 | 2 | 0 | |a technológie nové |
| 610 | 2 | 0 | |a manažment inovačný |
| 100 | 1 | |a Miháliková, Veronika | |
| 700 | 1 | |a Jesný, Martin | |